|
|
|
|
| LEADER |
00000nam0a2200000 4500 |
| 001 |
362193 |
| 005 |
20250211063217.0 |
| 035 |
|
|
|a (RuTPU)RU\TPU\retro\19539
|
| 035 |
|
|
|a RU\TPU\retro\19538
|
| 090 |
|
|
|a 362193
|
| 100 |
|
|
|a 20210719d1977 k y0rusy5003 ca
|
| 101 |
0 |
|
|a rus
|
| 102 |
|
|
|a RU
|
| 105 |
|
|
|a y z 001zy
|
| 200 |
1 |
|
|a Теплогидравлические и физико-химические процессы в ядерных энергетических установках
|e [тематический сборник]
|f Московский энергетический институт ; под ред. Н. Г. Рассохина
|
| 210 |
|
|
|a Москва
|c Изд-во МЭИ
|d 1977
|
| 215 |
|
|
|a 111 с.
|c табл., ил.
|
| 225 |
1 |
|
|a Труды Московского энергетического института (МЭИ)
|v Вып. 328
|
| 320 |
|
|
|a Библиогр. в конце ст.
|
| 500 |
1 |
0 |
|a Труды Московского энергетического института
|9 88841
|
| 606 |
1 |
|
|a Ядерные энергетические установки
|2 stltpush
|3 (RuTPU)RU\TPU\subj\21745
|9 46690
|
| 610 |
1 |
|
|a железоокисные отложения
|
| 610 |
1 |
|
|a пузырьковое кипение
|
| 610 |
1 |
|
|a нестационарные потоки
|
| 610 |
1 |
|
|a теплоотдача
|
| 610 |
1 |
|
|a температурный напор
|
| 610 |
1 |
|
|a электрозондирование
|
| 610 |
1 |
|
|a некомпостируемая течь
|
| 610 |
1 |
|
|a теплоносители
|
| 610 |
1 |
|
|a аварийное охлаждение
|
| 610 |
1 |
|
|a ТВЭЛы
|
| 610 |
1 |
|
|a надежность
|
| 610 |
1 |
|
|a термолиз
|
| 610 |
1 |
|
|a питательная вода
|
| 610 |
1 |
|
|a магнетиты
|
| 610 |
1 |
|
|a химическая очистка
|
| 610 |
1 |
|
|a парогенераторы
|
| 610 |
1 |
|
|a ионообменные фильтры
|
| 610 |
1 |
|
|a фильтрованные материалы
|
| 610 |
1 |
|
|a опреснительные установки
|
| 610 |
1 |
|
|a алюминиевые сплавы
|
| 610 |
1 |
|
|a коррозия
|
| 610 |
1 |
|
|a физико-химические процессы
|
| 610 |
1 |
|
|a теплогидравлические процессы
|
| 675 |
|
|
|a 621.039.577
|v 3
|
| 702 |
|
1 |
|a Рассохин
|b Н. Г.
|4 340
|
| 712 |
0 |
2 |
|a Московский энергетический институт
|c (1930-1992)
|3 (RuTPU)RU\TPU\col\20092
|9 27693
|
| 801 |
|
0 |
|a RU
|b 63413507
|c 19950704
|g psbo
|
| 801 |
|
1 |
|a RU
|b 63413507
|c 20060118
|g PSBO
|
| 801 |
|
2 |
|a RU
|b 63413507
|c 20220211
|g PSBO
|
| 942 |
|
|
|c BK
|